|
|
|
|
| LEADER |
00000nas a2200000 a 4500 |
| 001 |
ssj0001287 |
| 003 |
WaSeSS |
| 005 |
20200512172242.0 |
| 006 |
m d |
| 007 |
cr n |
| 008 |
021002c19289999mauqr pss o 0 a0eng c |
| 010 |
|
|
|a 2002227200
|
| 016 |
7 |
|
|a 2066808-9
|2 DE-600
|
| 022 |
|
|
|a 1937-2213
|l 0028-4866
|y 0028-4866
|
| 035 |
|
|
|a (WaSeSS)ssj0001287
|
| 037 |
|
|
|b MIT Press Journals, 238 Main St., Ste. 500, Cambridge, MA 02142
|
| 040 |
|
|
|a EYM
|b eng
|c EYM
|d OCLCQ
|d NSD
|d OCLCQ
|d NSD
|d EEM
|d OCLCQ
|d OCLCE
|d OCLCQ
|d OCLCF
|d OCLCQ
|d DEBBG
|d OCLCA
|d GILDS
|d OCLCO
|d AU@
|d VT2
|d WaSeSS
|
| 042 |
|
|
|a pcc
|a nsdp
|
| 043 |
|
|
|a n-usn--
|
| 050 |
1 |
4 |
|a F1
|
| 082 |
1 |
0 |
|a 974
|2 14
|
| 130 |
0 |
|
|a New England quarterly (Online)
|
| 222 |
|
4 |
|a The New England quarterly
|b (Online)
|
| 245 |
1 |
4 |
|a The New England quarterly
|h [electronic resource].
|
| 260 |
|
|
|a Baltimore, Md. :
|b Williams & Wilkins Co.,
|c 1928-
|
| 310 |
|
|
|a Quarterly
|
| 362 |
0 |
|
|a Vol. 1, no. 1 (Jan. 1928)-
|
| 500 |
|
|
|a Imprint varies.
|
| 500 |
|
|
|a Title from title screen (viewed Oct. 2, 2002).
|
| 506 |
|
|
|a License restrictions may limit access.
|
| 525 |
|
|
|a Vol. 6, no. 1 accompanied by supplement with title: A short account of the Massachusetts Constitutional convention, 1917-1919.
|
| 538 |
|
|
|a Mode of access: World Wide Web.
|
| 550 |
|
|
|a Sponsored by the Colonial Society of Massachusetts and Northeastern University, Mar. 1981- and the Massachusetts Historical Society, June 1998-
|
| 588 |
|
|
|a Latest issue consulted: Vol. 80, issue 1 (Mar. 2007) (MIT Press Journals website viewed May 15, 2007).
|
| 651 |
|
0 |
|a New England
|x History
|v Periodicals.
|
| 651 |
|
7 |
|a New England.
|2 fast
|0 (OCoLC)fst01241913
|
| 655 |
|
0 |
|a Electronic journals.
|
| 710 |
2 |
|
|a Colonial Society of Massachusetts.
|
| 710 |
2 |
|
|a Northeastern University (Boston, Mass.)
|
| 710 |
2 |
|
|a Massachusetts Historical Society.
|
| 776 |
0 |
8 |
|i Print version:
|t New England quarterly
|x 0028-4866
|w (DLC) 29023850
|w (OCoLC)1759778
|
| 856 |
4 |
0 |
|z Full text available from Research Library: 09/01/1997 to 12/31/2004
|u https://search.proquest.com/publication/41687
|